000
00330nam a2200133Ia 4500
008
191201s2004 xx 000 0 und d
100
_a
AGGARWAL, K K
245
0
_a
Hamare Sapno Ke Bharat Ka Nirman
250
_a
1st
260
_a
Noida
_b
Knowledge Books Inco.
_c
2004
300
_a
404
650
_a
General Books
942
_2
ddc
_c
BK
999
_c
2511
_d
2511